|
|
|
|
| LEADER |
00968nab#a2200337#ar4500 |
| 001 |
000097093 |
| 003 |
SVKKK |
| 005 |
20090826083325.0 |
| 008 |
080312c2009 xo |||||||||||||||b|slo |
| FMT |
|
|
|
| 015 |
|
|
|a SNBRB2009/08
|
| 038 |
|
|
|a SVKKK
|
| 040 |
|
|
|a SVKKK
|b slo
|e AACR2
|
| 041 |
0 |
|
|a slo
|
| 044 |
|
|
|a xo
|c SK
|
| 080 |
|
|
|a 282
|2 1997
|
| 080 |
|
|
|a 061.3
|2 1997
|
| 110 |
2 |
|
|a Konferencia biskupov Slovenska
|b Tlačová kancelária
|4 aut
|
| 245 |
1 |
0 |
|a Cirkevní historici v Nitre o Slovenskej republike 1939-1945
|c [autor] -TK KBS-
|
| 610 |
2 |
4 |
|a Katolícka cirkev (Slovensko)
|y 1939-1945
|x konferencie
|
| 611 |
2 |
4 |
|a Katolícka cirkev v Slovenskej republike 1939-1945
|g konferencia
|d (12.-13.5. 2009 :
|c Nitra, Slovensko)
|
| 655 |
|
4 |
|a náboženstvo
|
| 773 |
0 |
|
|t Katolícke noviny
|g Roč. 124, č. 21 (2009), s. 2
|x 0139-8512
|
| 957 |
|
|
|a Nitra
|
| 958 |
|
|
|a NT
|
| 974 |
|
|
|a Čr
|
| 992 |
|
|
|a RBX
|
| BAS |
|
|
|
| 852 |
|
|
|a SVKKK
|b BIB
|
| EXP |
|
|
|
| 998 |
|
|
|a SLO
|